000 005150000a22001810004500
003 MACL
005 20160420122106.0
008 160420b xxu||||| |||| 00| 0 eng d
040 _aMACL
_cMACL
041 _aHindi
082 _a100
100 _aबर्ट्रेड रसेल
_947853
245 _aसुख की साधना
260 _bप्रेमनाथ एण्‍ड संस
_c2006
_aदिल्‍ली
350 _a150
650 _aPhilosophy
_952800
942 _cHIN
_k100
_2ddc
999 _c18758
_d18758